Trouve les drapeaux - Statistiques

Statistiques générales
  • Ce quiz a été pris 62 fois
  • Le résultat moyen est 14 sur 19
Statistiques - réponses
Par images Réponse % Correct
italie
89%
bosnie herzégovine
85%
cambodge
85%
mexique
85%
coree du sud
83%
equateur
79%
georgie
79%
nouvelle zelande
77%
thailande
75%
estonie
74%
serbie
74%
bielorussie
72%
azerbaidjan
68%
Kosovo
68%
indonesie
62%
mongolie
58%
jordanie
57%
trinité et tobago
53%
papouasie nouvelle guinée
51%
Aucun quiz correspondant
Distribution des résultats
% des personnes avec chaque résultat
Percentile par nombre de réponses
Votre historique - résultats
Vous n’avez pas pris ce quiz